Bersenam dan berekreasi

Bibliographic Details
Main Author: Noor Azilawati Mohd Sabda
Format: Book
Published: Selangor : Penapro Sdn Bhd , 2006
Series:Siri penjagaan kesihatan
Subjects:

MARC

LEADER 00000cam a2200000 7i4500
001 0000007404
005 20151222.0
008 070830
020 |a 9833272347(set) 
020 |a 9833272371 
090 0 0 |a JF   |b HEA MAL (8596) 
100 0 |a Noor Azilawati Mohd Sabda 
245 0 0 |a Bersenam dan berekreasi   |c Noor Azilawati Mohd Sabda 
260 |a Selangor :   |b Penapro Sdn Bhd ,   |c 2006 
440 |a Siri penjagaan kesihatan 
500 |a Children ages 7-9 years old (orange) 
650 0 |a Health   |x Juvenile literature 
999 |a 0000946170   |b Book   |c Children Collection   |e Cawangan Taman Sri Lambak 
999 |a 0000946171   |b Book   |c Children Collection   |e Cawangan Taman Sri Lambak 
999 |a 0000946172   |b Book   |c Children Collection   |e Cawangan Taman Sri Lambak 
999 |a 0000990088   |b Book   |c Children Collection   |e Perbadanan Perpustakaan Awam Johor 
999 |a 0000990089   |b Book   |c Children Collection   |e Perbadanan Perpustakaan Awam Johor 
999 |a 0000990090   |b Book   |c Children Collection   |e Perbadanan Perpustakaan Awam Johor